000 00279nam a22001337a 4500
020 _a0-7214-1676-4
082 _a823
_bLAD/H
100 _aLADYBIRD
245 _aHICKORY DICKROY DOCK
260 _aUK
_bLADYBIRD
300 _a27
650 _aENGLISH SHORT STORY
_zUK
942 _cBK
999 _c4049
_d4049